000 01235nam a2200313Ia 4500
001 ebr10201422
003 CaPaEBR
006 m u
007 cr cn|||||||||
008 060428s2006 njua sb 001 0 eng d
020 _z9789812566614
020 _z9812566619
040 _aCaPaEBR
_cCaPaEBR
035 _a(OCoLC)299584914
050 1 4 _aQC20
_b.W47 2006eb
100 1 _aWesson, Paul S.
245 1 0 _aFive-dimensional physics
_h[electronic resource] :
_bclassical and quantum consequences of Kaluza-Klein cosmology /
_cPaul S. Wesson.
260 _aHackensack, N.J. :
_bWorld Scientific,
_cc2006.
300 _ax, 222 p. :
_bill.
504 _aIncludes bibliographical references and index.
533 _aElectronic reproduction.
_bPalo Alto, Calif. :
_cebrary,
_d2009.
_nAvailable via World Wide Web.
_nAccess may be limited to ebrary affiliated libraries.
650 0 _aEmbeddings (Mathematics)
650 0 _aKaluza-Klein theories.
650 0 _aMathematical physics.
650 0 _aQuantum field theory.
655 7 _aElectronic books.
_2local
710 2 _aebrary, Inc.
856 4 0 _uhttp://site.ebrary.com/lib/rucke/Doc?id=10201422
_zAn electronic book accessible through the World Wide Web; click to view
999 _c120131
_d120131